Online
Catalog

Prisajú : (Record no. 465)

MARC details
000 -CABECERA
campo de control de longitud fija 00993nam a2200217 a 4500
001 - NÚMERO DE CONTROL
campo de control 000000467
005 - FECHA Y HORA DE LA ÚLTIMA TRANSACCIÓN
campo de control 20241021092515.0
008 - DATOS DE LONGITUD FIJA--INFORMACIÓN GENERAL
campo de control de longitud fija 081209s2008 dr a 000 f spa d
020 ## - NÚMERO INTERNACIONAL ESTÁNDAR DEL LIBRO
ISBN cancelado o inválido 9789945160788
040 ## - FUENTE DE LA CATALOGACIÓN
Centro catalogador/agencia de origen DO-SdBNP
Lengua de catalogación spa
Centro/agencia transcriptor BNPHU
082 ## - NÚMERO DE LA CLASIFICACIÓN DECIMAL DEWEY
Número de clasificación RD863.5
Número de documento/Ítem S684p
100 1# - ENTRADA PRINCIPAL--NOMBRE DE PERSONA
Nombre de persona Solano, Miguel,
9 (RLIN) 1543
245 10 - MENCIÓN DE TÍTULO
Título Prisajú :
Resto del título ¡el extraño caso del perro que quería ser rey! /
Mención de responsabilidad, etc. Miguel Solano.
260 ## - PUBLICACIÓN, DISTRIBUCIÓN, ETC.
Lugar de publicación, distribución, etc. Santo Domingo :
Nombre del editor, distribuidor, etc. AQI,
Fecha de publicación, distribución, etc. 2008.
300 ## - DESCRIPCIÓN FÍSICA
Extensión 102 p. :
Otras características físicas il. ;
Dimensiones 21 cm.
500 ## - NOTA GENERAL
Nota general Incluye breve reseña del autor en la solapa
505 0# - NOTA DE CONTENIDO CON FORMATO
Nota de contenido con formato Agradecimiento y advertencia -- Pacto incorruptible -- Profecía -- El propietario -- El compromiso -- La reacción -- La condena -- El regalo -- La hora de comer -- El aviso -- La renuncia -- Solidaridad -- El pedido -- ¡Pa̓ gozaaaaaaa! -- Paseo del deseo -- Manipulador de influencias -- Su tiempo con él.
650 #0 - PUNTO DE ACCESO ADICIONAL DE MATERIA--TÉRMINO DE MATERIA
Término de materia o nombre geográfico como elemento de entrada Cuentos dominicanos
9 (RLIN) 176
650 #0 - PUNTO DE ACCESO ADICIONAL DE MATERIA--TÉRMINO DE MATERIA
Término de materia o nombre geográfico como elemento de entrada Literatura dominicana.
9 (RLIN) 67
910 ## - DATOS DE OPCIÓN DEL USUARIO (OCLC)
Datos de opción del usuario Validado. Control de calidad MFF
Holdings
Estado de retiro Estado de pérdida Restricciones de uso No para préstamo Código de colección Localización permanente Ubicación/localización actual Ubicación en estantería Fecha de adquisición Número de inventario Total de préstamos Signatura topográfica completa Código de barras Fecha visto por última vez Número de copia Precio válido a partir de Tipo de ítem Koha
      Préstamo en sala Dominicana de Servicio Biblioteca Nacional Pedro Henríquez Ureña Biblioteca Nacional Pedro Henríquez Ureña Depósito 09.07.2009 LF1   RD863.5 S684p 467-30 25.06.2020 e. 3 25.06.2020 Libros y folletos
    Préstamo restringido Excluido de préstamo Patrimonio Dominicano Biblioteca Nacional Pedro Henríquez Ureña Biblioteca Nacional Pedro Henríquez Ureña Depósito 09.07.2009 LF1   RD863.5 S684p 467-10 25.06.2020   25.06.2020 Libros y folletos
    Préstamo restringido Excluido de préstamo Patrimonio Dominicano Biblioteca Nacional Pedro Henríquez Ureña Biblioteca Nacional Pedro Henríquez Ureña Depósito 09.07.2009 LF1   RD863.5 S684p 467-20 25.06.2020 e .2 25.06.2020 Libros y folletos

Powered by Koha